| 000 | nam a22 a 4500 | ||
|---|---|---|---|
| 999 |
_c1729 _d1729 |
||
| 005 | 20170511145136.0 | ||
| 008 | 170511b1985 E ||||| |||| 00| 0 eng d | ||
| 020 |
_a0205083390 _c£36.70 |
||
| 040 | _aAKMAL | ||
| 082 | _a338.5 DES | ||
| 090 |
_a338.5 _bDES |
||
| 100 | 1 |
_aDeSerpa, Allan C., _d1945- _93569 |
|
| 245 | 1 | 0 |
_aMicroeconomic theory : _bissues and applications / _cAllan C. DeSerpa. |
| 260 |
_aBoston [Mass.] ; _c c1985 |
||
| 260 |
_a London : _bAllyn and Bacon, _c c1985 |
||
| 300 |
_axvii,652p. _bcol.ill. ; _c25cm |
||
| 500 | _aIncludes index. Text on lining papers. | ||
| 599 | _aDALAM PROSES | ||
| 650 | 0 |
_aMicroeconomics. _93267 |
|
| 852 | 4 | 1 |
_aBritish Library _bHMNTS |
| 942 |
_2ddc _cBOOK |
||